[Event "XXV Weekend A"]
[Site "Robecchetto con Induno ITA"]
[Date "2014.12.26"]
[Round "1"]
[White "Botta, Massimiliano"]
[Black "Conta, Diego"]
[WhiteElo "1786"]
[BlackElo "1654"]
[Result "1-0"]
[PlyCount "63"]
[EventDate "2014.12.26"]

1. e4 e6 2. d4 d5 3. exd5 exd5 4. Bd3 c5 5. Nf3 c4 6. Be2 Nf6 7. O-O Bd6 8. b3
cxb3 9. axb3 O-O 10. Nc3 Nc6 11. Bg5 Be6 12. Bh4 Rc8 13. Nb5 Bb8 14. c4 dxc4
15. bxc4 a6 16. d5 axb5 17. dxe6 fxe6 18. cxb5 Ne7 19. Re1 Ng6 20. Bg5 Qxd1 21.
Raxd1 Ne4 22. Rd7 Rxf3 23. Bxf3 Nxg5 24. Bxb7 Rf8 25. b6 Ne5 26. Rd4 Nef7 27.
h4 e5 28. Rd7 Ne6 29. Rc1 Bd6 30. Bd5 Re8 31. Bxe6 Rxe6 32. Rc8+ 1-0

[Event "XXV Weekend A"]
[Site "Robecchetto con Induno ITA"]
[Date "2014.12.26"]
[Round "1"]
[White "Caldarola, Stefano"]
[Black "Prete, Alessandro"]
[WhiteElo "1889"]
[BlackElo "1752"]
[Result "1/2-1/2"]
[PlyCount "32"]
[EventDate "2014.12.26"]

1. d4 b6 2. c4 Bb7 3. Nc3 e6 4. Nf3 Bb4 5. g3 Nf6 6. Bg2 Ne4 7. Qb3 Bxc3+ 8.
bxc3 O-O 9. O-O f5 10. Ba3 Re8 11. Rfd1 Nc6 12. d5 Na5 13. Qb4 c5 14. dxc6 Nxc6
15. Qb3 Na5 16. Qb4 Nc6 1/2-1/2

[Event "XXV Weekend A"]
[Site "Robecchetto con Induno ITA"]
[Date "2014.12.26"]
[Round "1"]
[White "Caldi, Mario"]
[Black "Ongaro, Andrea"]
[WhiteElo "1840"]
[BlackElo "1717"]
[Result "1-0"]
[PlyCount "39"]
[EventDate "2014.12.26"]

1. e4 c5 2. Nf3 Nc6 3. Bb5 e6 4. Bxc6 bxc6 5. O-O d6 6. Re1 g6 7. d4 cxd4 8.
Qxd4 f6 9. Nc3 Bg7 10. Qc4 Ne7 11. Bf4 d5 12. exd5 cxd5 13. Qc5 e5 14. Nxe5
fxe5 15. Bg5 Bb7 16. Rad1 d4 17. Nb5 Rc8 18. Nd6+ Kd7 19. Nxc8 Bxc8 20. Rxd4+
1-0

[Event "XXV Weekend A"]
[Site "Robecchetto con Induno ITA"]
[Date "2014.12.26"]
[Round "1"]
[White "Cerutti, Fabio Maria"]
[Black "Messina, Gianmaria"]
[WhiteElo "1659"]
[BlackElo "1788"]
[Result "1-0"]
[PlyCount "47"]
[EventDate "2014.12.26"]

1. e4 d5 2. exd5 Qxd5 3. Nc3 Qd6 4. d4 Nf6 5. g3 Bg4 6. Nge2 Bf3 7. Rg1 Nd5 8.
Qd3 Bxe2 9. Nxe2 Nd7 10. Bg2 N7b6 11. c4 Nb4 12. Qb3 c5 13. Bf4 Qg6 14. Kd2 f6
15. Bxb7 Rd8 16. a3 e5 17. axb4 exf4 18. bxc5 f3 19. Bxf3 Qg5+ 20. Kc3 Bxc5 21.
Qb5+ Nd7 22. dxc5 Qe5+ 23. Nd4 Rb8 24. Rge1 1-0

[Event "XXV Weekend A"]
[Site "Robecchetto con Induno ITA"]
[Date "2014.12.26"]
[Round "1"]
[White "D'Aulisa, Francesco"]
[Black "Rossi, Emanuele"]
[WhiteElo "1767"]
[BlackElo "1635"]
[Result "1-0"]
[PlyCount "89"]
[EventDate "2014.12.26"]

1. e4 c5 2. f4 Nc6 3. Nf3 e6 4. Bb5 Nge7 5. c3 a6 6. Be2 d5 7. e5 d4 8. d3 Nf5
9. O-O Be7 10. Na3 b5 11. Nc2 O-O 12. h3 Ng3 13. Re1 Bb7 14. Kh2 Bh4 15. Nxh4
Qxh4 16. Bf3 Nf5 17. Qe2 Qg3+ 18. Kh1 Rab8 19. Bd2 Qh4 20. Kg1 Nce7 21. Bxb7
Rxb7 22. Qf2 Rd7 23. Qxh4 Nxh4 24. cxd4 cxd4 25. Bb4 Re8 26. Bxe7 Rexe7 27. Re4
Nf5 28. g4 Nh4 29. Kf2 f5 30. exf6 gxf6 31. Rae1 e5 32. Nxd4 Ng6 33. Nf5 Re8
34. fxe5 Nxe5 35. Kg2 Rxd3 36. g5 Red8 37. gxf6 Rd2+ 38. R1e2 Rxe2+ 39. Rxe2
Ng6 40. Nh6+ Kf8 41. Rc2 Nf4+ 42. Kg3 Nh5+ 43. Kh4 Nxf6 44. Rc7 Rd5 45. Rf7+
1-0

[Event "XXV Weekend A"]
[Site "Robecchetto con Induno ITA"]
[Date "2014.12.26"]
[Round "1"]
[White "Macchiettini, Pierangelo"]
[Black "Burani, Eugenio"]
[WhiteElo "1710"]
[BlackElo "1837"]
[Result "0-1"]
[PlyCount "84"]
[EventDate "2014.12.26"]

1. d4 Nf6 2. c4 c5 3. d5 e6 4. Nc3 exd5 5. cxd5 d6 6. e4 g6 7. Nf3 Bg7 8. Be2
O-O 9. O-O Bg4 10. h3 Bxf3 11. Bxf3 Na6 12. a3 Nc7 13. Bf4 Nfe8 14. Qd2 f5 15.
exf5 Rxf5 16. Be3 Nf6 17. Bg5 Qf8 18. Bxf6 Bxf6 19. Rab1 Re8 20. Qd3 Rfe5 21.
Ne2 Kh8 22. Nc3 Bg7 23. b4 cxb4 24. Rxb4 Na6 25. Rbb1 Nc5 26. Qd2 Bh6 27. Qd4
Bg7 28. Qd2 a6 29. Rb6 Qe7 30. Rbb1 b5 31. Na2 Qh4 32. Nb4 Rf5 33. Bg4 Ne4 34.
Qe3 Rff8 35. Nc6 Qf6 36. Bd7 Qc3 37. Qxc3 Nxc3 38. Rb3 Re4 39. f3 Re2 40. Be6
Rd2 41. Rf2 Rd3 42. Rc2 Ne2+ 0-1

[Event "XXV Weekend A"]
[Site "Robecchetto con Induno ITA"]
[Date "2014.12.26"]
[Round "1"]
[White "Mantovan, Giuseppe"]
[Black "Longo, Giovanni"]
[WhiteElo "1804"]
[BlackElo "1662"]
[Result "0-1"]
[PlyCount "42"]
[EventDate "2014.12.26"]

1. d4 d5 2. Nf3 Nf6 3. Bf4 e6 4. e3 Bd6 5. Bxd6 cxd6 6. Bd3 O-O 7. Nbd2 Nc6 8.
c3 e5 9. dxe5 dxe5 10. Bb5 e4 11. Nd4 Qb6 12. Bxc6 bxc6 13. b4 c5 14. bxc5 Qxc5
15. c4 Ba6 16. Rc1 dxc4 17. Rc3 Qb4 18. Qc2 Nd5 19. Rxc4 Bxc4 20. Qxc4 Qxc4 21.
Nxc4 Rfc8 0-1

[Event "XXV Weekend A"]
[Site "Robecchetto con Induno ITA"]
[Date "2014.12.26"]
[Round "1"]
[White "Mossolani, Marcello"]
[Black "Barrera, Pietro"]
[WhiteElo "1750"]
[BlackElo "1879"]
[Result "1-0"]
[PlyCount "103"]
[EventDate "2014.12.26"]

1. e4 c5 2. g3 Nc6 3. Bg2 d6 4. Ne2 e5 5. O-O Nf6 6. d3 Be7 7. Nbc3 O-O 8. h3
Be6 9. g4 h6 10. f4 exf4 11. Nxf4 Nd7 12. Nce2 Nde5 13. Ng3 Bg5 14. Nfh5 Qb6
15. c3 Rae8 16. Kh1 Bh4 17. Qe2 Qd8 18. Be3 a6 19. Qd2 Kh7 20. Nxg7 Kxg7 21.
Nh5+ Kh7 22. Bxh6 Rg8 23. Be3 Qe7 24. b3 Ng6 25. d4 Bc8 26. Rf3 Nd8 27. Raf1
Bd7 28. g5 Bc8 29. Nf6+ Kg7 30. Nxg8 Kxg8 31. Rf6 b6 32. Qe2 Bb7 33. d5 Kg7 34.
Qg4 Rh8 35. Qf5 Bc8 36. Qxc8 Qe5 37. Qd7 Bxg5 38. Bxg5 Qxg5 39. Qxd6 Nh4 40.
Qh2 Qd2 41. Qg3+ Ng6 42. R6f2 Qh6 43. e5 Re8 44. Qf3 Nxe5 45. Qf5 Ng6 46. Qf6+
Kh7 47. Qxb6 Qg5 48. Rf5 Qh4 49. Qxc5 Qg3 50. d6 Re2 51. Qd5 Kg8 52. d7 1-0

[Event "XXV Weekend A"]
[Site "Robecchetto con Induno ITA"]
[Date "2014.12.26"]
[Round "1"]
[White "Palminteri, Vincenzo"]
[Black "Maffeo, Mauro"]
[WhiteElo "1776"]
[BlackElo "1644"]
[Result "1-0"]
[PlyCount "109"]
[EventDate "2014.12.26"]

1. e4 e6 2. d4 d5 3. Nc3 Nf6 4. e5 Nfd7 5. Nce2 c5 6. c3 f6 7. f4 Be7 8. Nf3
Nc6 9. Ng3 O-O 10. Bd3 f5 11. O-O cxd4 12. Nxd4 Nc5 13. Bc2 Nxd4 14. cxd4 Ne4
15. Nxe4 fxe4 16. Be3 Bd7 17. Qh5 Rf5 18. Qh3 Qb6 19. Bb3 a5 20. g4 Rff8 21. f5
a4 22. Bc2 Qxb2 23. Qg2 Rac8 24. Bxe4 Qc3 25. Bf2 dxe4 26. Qxe4 Bc6 27. Qf4
exf5 28. gxf5 Qh3 29. Qg3 Qxf5 30. Rae1 Qf3 31. Qxf3 Rxf3 32. Rd1 Bd5 33. Bg3
Rxf1+ 34. Kxf1 Rf8+ 35. Kg1 Rc8 36. Rd2 Bg5 37. Re2 Be6 38. h4 Bh6 39. Rb2 Bd5
40. Rb5 Be3+ 41. Kh2 Rc1 42. Rxd5 Rc2+ 43. Kh3 Rc3 44. Kg4 Rc4 45. Rd8+ Kf7 46.
Rd7+ Ke8 47. Rxb7 Bxd4 48. Kf5 g6+ 49. Ke6 Kd8 50. Kd5 Rc3 51. Be1 Rd3 52. Ba5+
Kc8 53. Rc7+ Kb8 54. Ke4 Re3+ 55. Kxd4 1-0

[Event "XXV Weekend A"]
[Site "Robecchetto con Induno ITA"]
[Date "2014.12.26"]
[Round "1"]
[White "Paniga, Danilo"]
[Black "Schingaro, Angelo"]
[WhiteElo "1858"]
[BlackElo "1736"]
[Result "1-0"]
[PlyCount "81"]
[EventDate "2014.12.26"]

1. Nf3 Nf6 2. c4 g6 3. b3 Bg7 4. Bb2 O-O 5. g3 c5 6. Bg2 Nc6 7. O-O d6 8. d3
Rb8 9. Nbd2 a6 10. a3 b5 11. Qc2 Bb7 12. e3 Qd7 13. Ng5 Rfc8 14. Rfe1 Ne5 15.
Bxb7 Qxb7 16. Rab1 h6 17. Nh3 Nf3+ 18. Nxf3 Qxf3 19. Qd1 Qxd1 20. Rexd1 Nd7 21.
Bxg7 Kxg7 22. Nf4 e6 23. Kf1 Nf6 24. Ne2 e5 25. Nc3 b4 26. axb4 Rxb4 27. Na2
Rb7 28. Rd2 Rcb8 29. Rdb2 a5 30. Nc3 Kf8 31. Nb5 Ke7 32. Ra2 d5 33. Rxa5 e4 34.
d4 cxd4 35. Nxd4 Kd7 36. cxd5 Ng4 37. h3 Ne5 38. Ke2 h5 39. Rc1 Nd3 40. Rc3 Ne5
41. Nc6 1-0

[Event "XXV Weekend A"]
[Site "Robecchetto con Induno ITA"]
[Date "2014.12.26"]
[Round "1"]
[White "Pedoni, Lorenzo"]
[Black "Saccani, Ettore"]
[WhiteElo "1827"]
[BlackElo "1690"]
[Result "0-1"]
[PlyCount "56"]
[EventDate "2014.12.26"]

1. d4 Nf6 2. c4 g6 3. Nc3 Bg7 4. e4 d6 5. Be2 O-O 6. Bg5 h6 7. Be3 e5 8. d5 a5
9. h3 Na6 10. Nf3 Kh7 11. O-O Ng8 12. Ne1 f5 13. f4 exf4 14. Bxf4 g5 15. Be3 f4
16. Bd4 Qe7 17. Nc2 Nc5 18. Re1 Be5 19. Bf3 Nf6 20. Kh1 g4 21. Bxe5 dxe5 22.
hxg4 Nxg4 23. Kg1 Qh4 24. Bxg4 Bxg4 25. Qd2 f3 26. Rf1 Bh3 27. Qf2 fxg2 28.
Qxh4 Rxf1+ 0-1

[Event "XXV Weekend A"]
[Site "Robecchetto con Induno ITA"]
[Date "2014.12.26"]
[Round "1"]
[White "Primerano, Carlo"]
[Black "Brioschi, Camillo"]
[WhiteElo "1719"]
[BlackElo "1842"]
[Result "1/2-1/2"]
[PlyCount "100"]
[EventDate "2014.12.26"]

1. d4 d5 2. c4 e6 3. Nc3 Nf6 4. Bg5 Nbd7 5. cxd5 exd5 6. e3 c6 7. Bd3 Bd6 8.
Nf3 Qc7 9. Qc2 O-O 10. h3 Re8 11. O-O h6 12. Bxf6 Nxf6 13. Rab1 Qe7 14. Rfe1
Ne4 15. a3 g5 16. Nd2 f5 17. Ndxe4 fxe4 18. Be2 g4 19. Bxg4 Bxg4 20. hxg4 Qh4
21. f4 Qxg4 22. Qe2 Qh4 23. Qf2 Be7 24. Qxh4 Bxh4 25. Re2 Kf7 26. g4 Rg8 27.
Rg2 Rg7 28. Kh2 Rag8 29. Kh3 Be7 30. b4 Ke6 31. Na4 b5 32. Nc5+ Bxc5 33. bxc5
a5 34. Rbb2 Rb8 35. Kg3 h5 36. g5 Kf5 37. Rh2 Kg6 38. Kh4 b4 39. axb4 axb4 40.
Rh1 Ra7 41. Rhb1 Rab7 42. Ra1 b3 43. Ra6 Rc7 44. Rb6 Ra8 45. R6xb3 Ra1 46. Rb1
Ra2 47. Kg3 h4+ 48. Kh3 Rf2 49. Rb8 Rf3+ 50. Kg4 Rxe3 1/2-1/2

[Event "XXV Weekend A"]
[Site "Robecchetto con Induno ITA"]
[Date "2014.12.26"]
[Round "1"]
[White "Raselli, Claudio"]
[Black "Puricelli, Giancarlo"]
[WhiteElo "1836"]
[BlackElo "1698"]
[Result "1-0"]
[PlyCount "87"]
[EventDate "2014.12.26"]

1. c4 b6 2. Nc3 Bb7 3. e4 e6 4. Nf3 Bb4 5. d3 Nf6 6. Qb3 c5 7. a3 Bxc3+ 8. Qxc3
Nc6 9. Be2 O-O 10. Bg5 d6 11. O-O e5 12. b4 Nd4 13. Nxd4 exd4 14. Qd2 Qe7 15.
f4 h6 16. Bxf6 Qxf6 17. Bf3 Rab8 18. Rab1 Qe7 19. b5 f5 20. Rbe1 fxe4 21. Bxe4
Bxe4 22. Rxe4 Qf7 23. Rfe1 Rbe8 24. g3 Rxe4 25. Rxe4 d5 26. cxd5 Qxd5 27. Re7
Qb3 28. Rxa7 Re8 29. f5 Qc3 30. Qa2+ Kh8 31. Qf7 Qe1+ 32. Kg2 Qe2+ 33. Kh3 Rg8
34. f6 Qf1+ 35. Kh4 g5+ 36. Kg4 Qe2+ 37. Kf5 Qxd3+ 38. Ke5 Qe3+ 39. Kd6 Qe4 40.
Re7 Qf5 41. Re8 Qh7 42. Rxg8+ Qxg8 43. Qxg8+ Kxg8 44. Ke7 1-0

[Event "XXV Weekend A"]
[Site "Robecchetto con Induno ITA"]
[Date "2014.12.26"]
[Round "1"]
[White "Torretta, Gilberto"]
[Black "Recanatini, Italo"]
[WhiteElo "1667"]
[BlackElo "1808"]
[Result "0-1"]
[PlyCount "48"]
[EventDate "2014.12.26"]

1. e4 d5 2. exd5 Qxd5 3. Nc3 Qa5 4. d4 c6 5. Bd3 Nf6 6. Nge2 Bg4 7. O-O e6 8.
f3 Bh5 9. Bf4 Qd8 10. Qd2 Bg6 11. Ne4 Nbd7 12. Rae1 Be7 13. Nd6+ Bxd6 14. Bxd6
Nb6 15. Bb4 Nbd5 16. Ba3 Ne7 17. Bxg6 hxg6 18. Nf4 Qc7 19. Re5 O-O-O 20. Bxe7
Qxe7 21. c4 Qc7 22. b4 Qxe5 23. dxe5 Rxd2 24. exf6 gxf6 0-1

[Event "XXV Weekend A"]
[Site "Robecchetto con Induno ITA"]
[Date "2014.12.26"]
[Round "1"]
[White "Turchi, Alessandro"]
[Black "Sala, Gianni"]
[WhiteElo "1642"]
[BlackElo "1772"]
[Result "0-1"]
[PlyCount "72"]
[EventDate "2014.12.26"]

1. d4 Nf6 2. c4 e6 3. Nf3 d5 4. Bg5 h6 5. Bh4 Nbd7 6. Nc3 Be7 7. e3 O-O 8. Bd3
c6 9. O-O Re8 10. Re1 dxc4 11. Bxc4 b5 12. Bb3 Bb7 13. Rc1 a6 14. a3 Rc8 15.
Qc2 c5 16. Qe2 c4 17. Bc2 Nd5 18. Bg3 Nxc3 19. bxc3 Bxa3 20. Rb1 Nb6 21. Ne5
Qe7 22. Qh5 Nd5 23. f4 Nf6 24. Qh3 Ne4 25. Bh4 f6 26. Ng6 Qf7 27. f5 exf5 28.
Qxf5 Qe6 29. Qh5 Rcd8 30. Rf1 Rd5 31. Qf3 Bd6 32. Nf4 Bxf4 33. exf4 Nd2 34. Qg3
Nxb1 35. Qg6 f5 36. Qh5 Nd2 0-1

[Event "XXV Weekend A"]
[Site "Robecchetto con Induno ITA"]
[Date "2014.12.26"]
[Round "1"]
[White "Zanin, Fabio"]
[Black "Cervini, Gian Piero"]
[WhiteElo "1651"]
[BlackElo "1782"]
[Result "0-1"]
[PlyCount "44"]
[EventDate "2014.12.26"]

1. e4 g6 2. d4 Bg7 3. Nc3 d6 4. Be2 Nf6 5. Nf3 O-O 6. O-O Nc6 7. Bg5 h6 8. Bh4
g5 9. Bg3 Nh5 10. d5 Nxg3 11. hxg3 Ne5 12. Nd4 c5 13. Nb3 f5 14. Qd2 f4 15.
gxf4 Rxf4 16. Rae1 Bg4 17. Bxg4 Rxg4 18. f3 Rh4 19. Qe2 Qe8 20. Nb5 Qh5 21. Nc7
Rf8 22. Qd1 Ng4 0-1

[Event "XXV Weekend A"]
[Site "Robecchetto con Induno ITA"]
[Date "2014.12.26"]
[Round "1"]
[White "Zito, Riccardo"]
[Black "Moroni, Luca"]
[WhiteElo "1743"]
[BlackElo "1868"]
[Result "1-0"]
[PlyCount "82"]
[EventDate "2014.12.26"]

1. e4 c5 2. Nf3 d6 3. Bb5+ Bd7 4. Bxd7+ Qxd7 5. O-O Nc6 6. c3 Nf6 7. Qe2 g6 8.
Rd1 Bg7 9. d4 cxd4 10. cxd4 O-O 11. Nc3 Qg4 12. h3 Qh5 13. Bg5 h6 14. Bh4 g5
15. Bg3 Qg6 16. d5 Nb8 17. Nd4 Nh5 18. Bh2 Nd7 19. Nf5 Bf6 20. Nb5 Ng7 21. Nbd4
Rfe8 22. Nxg7 Bxg7 23. Nf5 Rac8 24. Rac1 Bf6 25. f3 Kh7 26. Qb5 Ne5 27. Bxe5
dxe5 28. Qxb7 Rb8 29. Qc6 h5 30. d6 e6 31. d7 Rg8 32. Ne3 Bd8 33. Nc4 g4 34.
hxg4 hxg4 35. Nxe5 Qf6 36. Nxg4 Rxg4 37. e5 Rxg2+ 38. Kxg2 Qg6+ 39. Kf1 Qg3 40.
Qe4+ Kh8 41. Qe2 Qg5 1-0

[Event "XXV Weekend A"]
[Site "Robecchetto con Induno ITA"]
[Date "2014.12.27"]
[Round "2"]
[White "Barrera, Pietro"]
[Black "Macchiettini, Pierangelo"]
[WhiteElo "1879"]
[BlackElo "1710"]
[Result "1-0"]
[PlyCount "113"]
[EventDate "2014.12.26"]

1. e4 c5 2. Nc3 d6 3. f4 Nf6 4. Nf3 e6 5. Bc4 Nc6 6. O-O a6 7. a4 Be7 8. d3 Qc7
9. Qe1 Bd7 10. h3 g6 11. Be3 Nh5 12. Qf2 O-O-O 13. Rfe1 Rde8 14. Ba2 Ng7 15. d4
cxd4 16. Nxd4 Bf6 17. Nxc6 Bxc6 18. Bb6 Qb8 19. Qe3 Nh5 20. g3 Rhg8 21. b4 Bd8
22. Bxd8 Kxd8 23. b5 axb5 24. axb5 Bd7 25. Bb3 Ke7 26. Kg2 Rc8 27. Rad1 Ng7 28.
g4 Qc7 29. Rd3 Qc5 30. Qg3 Bxb5 31. Nxb5 Qxb5 32. f5 Qe5 33. Qh4+ g5 34. Qxg5+
f6 35. Qh6 Nxf5 36. exf5 Qxe1 37. Qxh7+ Kf8 38. Qh6+ Ke7 39. Qh7+ Kf8 40. fxe6
Qe2+ 41. Kg3 Qe5+ 42. Kf3 Rg7 43. Qh8+ Rg8 44. e7+ Kxe7 45. Bxg8 Kd7 46. Qg7+
Kd8 47. Bb3 Rc3 48. Qf8+ Kc7 49. Qf7+ Kb6 50. Qd5 Qxd5+ 51. Bxd5 Rxc2 52. Rb3+
Kc5 53. Bxb7 Rc1 54. Rd3 Rf1+ 55. Ke4 Rh1 56. Kf5 Rxh3 57. Rxh3 1-0

[Event "XXV Weekend A"]
[Site "Robecchetto con Induno ITA"]
[Date "2014.12.27"]
[Round "2"]
[White "Bergero, Simone"]
[Black "Caldarola, Stefano"]
[WhiteElo "1745"]
[BlackElo "1889"]
[Result "1-0"]
[PlyCount "99"]
[EventDate "2014.12.26"]

1. d4 Nf6 2. Bg5 c6 3. Bxf6 gxf6 4. c4 d6 5. Nc3 f5 6. e3 Nd7 7. Nf3 Nf6 8. Qb3
Qb6 9. Qc2 Bg7 10. Bd3 e6 11. O-O O-O 12. Rfd1 Bd7 13. c5 dxc5 14. Na4 Qc7 15.
Nxc5 Nd5 16. a3 Rad8 17. Qa4 Qb8 18. Qb3 Bc8 19. a4 a5 20. Bc4 Nb4 21. Nd3 Nxd3
22. Bxd3 Rd5 23. Qb6 Bf6 24. Bc4 Bd8 25. Qb3 Rd6 26. Qd3 Qc7 27. Rac1 Qe7 28.
Bb3 Bc7 29. Bc2 Rfd8 30. Bb1 f6 31. e4 fxe4 32. Qxe4 f5 33. Qe3 Qf6 34. Ne5 c5
35. Rxc5 Bb6 36. Rc4 Rd5 37. Rdc1 Bd7 38. Ba2 Be8 39. Rc8 Bxd4 40. Qg3+ Bg6 41.
Bxd5 exd5 42. Rxd8+ Qxd8 43. Nxg6 hxg6 44. Qxg6+ Bg7 45. Re1 Kf8 46. Qxf5+ Kg8
47. Qe6+ Kf8 48. Re3 Bxb2 49. Rf3+ Kg7 50. Rf7+ 1-0

[Event "XXV Weekend A"]
[Site "Robecchetto con Induno ITA"]
[Date "2014.12.27"]
[Round "2"]
[White "Brioschi, Camillo"]
[Black "Biancotti, Alessandro"]
[WhiteElo "1842"]
[BlackElo "1874"]
[Result "0-1"]
[PlyCount "96"]
[EventDate "2014.12.26"]

1. d4 Nf6 2. c4 g6 3. Nc3 d5 4. Bf4 c6 5. e3 Bg7 6. Bd3 O-O 7. h3 Re8 8. Nf3
Na6 9. c5 Nc7 10. O-O Nd7 11. Ne5 Ne6 12. b4 Nxf4 13. exf4 Qc7 14. Qd2 f6 15.
Nf3 e5 16. fxe5 fxe5 17. dxe5 Nxe5 18. Nxe5 Bxe5 19. Rae1 Qg7 20. Nd1 Bd7 21.
Re2 Qf6 22. Rfe1 Bf4 23. Rxe8+ Rxe8 24. Rxe8+ Bxe8 25. Qe2 Bd7 26. g3 Be5 27.
Kg2 Qe6 28. g4 Qf6 29. a4 Qf4 30. Qe3 Qxe3 31. fxe3 Be6 32. e4 dxe4 33. Bxe4
Bb3 34. Ne3 Bxa4 35. Nc4 Bc3 36. Nd6 Bxb4 37. Nxb7 Bb5 38. Nd8 Bxc5 39. Nxc6
Kf7 40. Bd5+ Kf6 41. h4 h6 42. Kf3 Bb6 43. Kf4 g5+ 44. hxg5+ hxg5+ 45. Kf3 a5
46. Nb8 Ke5 47. Bc6 Bxc6+ 48. Nxc6+ Kd6 0-1

[Event "XXV Weekend A"]
[Site "Robecchetto con Induno ITA"]
[Date "2014.12.27"]
[Round "2"]
[White "Burani, Eugenio"]
[Black "D'Aulisa, Francesco"]
[WhiteElo "1837"]
[BlackElo "1767"]
[Result "1-0"]
[PlyCount "79"]
[EventDate "2014.12.26"]

1. e4 d6 2. d4 e6 3. Nc3 a6 4. Bd3 Nd7 5. Nf3 h6 6. O-O Ne7 7. Ne2 b6 8. c4 Bb7
9. b4 g5 10. Bb2 Rg8 11. Qc2 Ng6 12. Rad1 Nh4 13. Ne1 e5 14. dxe5 dxe5 15. c5
bxc5 16. bxc5 Qf6 17. Ba3 Bc6 18. Nc3 Ng6 19. Nd5 Qd8 20. Nb4 Qf6 21. Nxa6 Rxa6
22. Bxa6 Nf4 23. Bc8 Qe6 24. Qb3 Qxb3 25. axb3 Nxc5 26. Nf3 Bd6 27. Nxe5 Bxe4
28. Bxc5 Bxc5 29. Rfe1 Bd5 30. Nd3+ Kd8 31. Nxf4 gxf4 32. Rxd5+ Bd6 33. Bh3 Rg5
34. Rxg5 hxg5 35. Bg4 c5 36. g3 Kc7 37. gxf4 gxf4 38. h4 f6 39. Re6 Be5 40. h5
1-0

[Event "XXV Weekend A"]
[Site "Robecchetto con Induno ITA"]
[Date "2014.12.27"]
[Round "2"]
[White "Buzio, Alberto"]
[Black "Mossolani, Marcello"]
[WhiteElo "1835"]
[BlackElo "1750"]
[Result "0-1"]
[PlyCount "67"]
[EventDate "2014.12.26"]

1. e4 c6 2. d4 d5 3. e5 Bf5 4. g4 Bg6 5. h4 h6 6. Nh3 e6 7. Nf4 Bh7 8. Bd3 Bxd3
9. Qxd3 Qc7 10. Nc3 Nd7 11. Bd2 O-O-O 12. a4 Kb8 13. a5 a6 14. Nfe2 Bb4 15. Nb1
Bxd2+ 16. Nxd2 c5 17. c3 Ne7 18. f4 Nc6 19. O-O Nxa5 20. f5 Qb6 21. Rfb1 Nc6
22. Kg2 Rdf8 23. b4 cxb4 24. c4 a5 25. cxd5 exd5 26. Qb3 Nxd4 27. Nxd4 Qxd4 28.
Nf3 Qxg4+ 29. Kf2 Nc5 30. Qxd5 Ne4+ 31. Ke3 Rc8 32. Rc1 Nc3 33. Qd6+ Ka8 34.
Qe7 0-1

[Event "XXV Weekend A"]
[Site "Robecchetto con Induno ITA"]
[Date "2014.12.27"]
[Round "2"]
[White "Cervini, Gian Piero"]
[Black "Cerutti, Fabio Maria"]
[WhiteElo "1782"]
[BlackElo "1659"]
[Result "0-1"]
[PlyCount "94"]
[EventDate "2014.12.26"]

1. e4 c5 2. c3 d5 3. exd5 Qxd5 4. Nf3 Nc6 5. d4 Bf5 6. Bd3 Bxd3 7. Qxd3 e5 8.
c4 Qd7 9. d5 Nb4 10. Qe2 Qf5 11. Na3 Nd3+ 12. Kf1 e4 13. Bd2 Be7 14. Ne1 Nf4
15. Qd1 Nf6 16. g4 Nxg4 17. Qa4+ Kf8 18. Bxf4 Qxf4 19. Qc2 Bh4 20. Ng2 Qf3 21.
Re1 Re8 22. Qe2 Bxf2 23. h3 Bxe1+ 24. Qxf3 exf3 25. Nxe1 Ne5 26. Kf2 g6 27. Nb5
Nxc4 28. Nxf3 a6 29. Nc3 b5 30. b3 Ne5 31. Ng5 Rd8 32. Nge4 b4 33. Na4 Rxd5 34.
Naxc5 Nd3+ 35. Nxd3 Rxd3 36. Ke2 Rd5 37. Rc1 Kg7 38. Rc6 Re8 39. Kf3 Re6 40.
Rc4 a5 41. Nc5 Rc6 42. Nb7 Rxc4 43. bxc4 Rd2 44. Nxa5 Rxa2 45. Nb3 Rc2 46. Na5
b3 47. Nxb3 Rc3+ 0-1

[Event "XXV Weekend A"]
[Site "Robecchetto con Induno ITA"]
[Date "2014.12.27"]
[Round "2"]
[White "Longo, Giovanni"]
[Black "Botta, Massimiliano"]
[WhiteElo "1662"]
[BlackElo "1786"]
[Result "0-1"]
[PlyCount "92"]
[EventDate "2014.12.26"]

1. e4 c5 2. Nf3 d6 3. d4 cxd4 4. Qxd4 e5 5. Bb5+ Nd7 6. Qd3 a6 7. Bc4 Nc5 8.
Qe2 Nf6 9. Ng5 Ne6 10. O-O Be7 11. Nxe6 Bxe6 12. Rd1 O-O 13. Bg5 Qb6 14. Bxf6
Bxf6 15. b3 Rac8 16. Bd5 Rc5 17. c4 Bxd5 18. Rxd5 Rxd5 19. cxd5 Qd4 20. Nc3
Qxc3 21. Rd1 Rc8 22. g3 Bd8 23. Rd3 Qc1+ 24. Rd1 Qc7 25. Rd2 Qc5 26. Kf1 Ba5
27. b4 Bxb4 28. Rb2 b5 29. Kg2 Ba3 30. Rb3 Bc1 31. Qg4 Rc7 32. Rf3 a5 33. Qh4
Rd7 34. Qh3 Qc7 35. Rc3 Qxc3 36. Qxd7 g6 37. Qxd6 Qd4 38. f3 Kg7 39. h4 h5 40.
Qc7 Qb2+ 41. Kh3 Be3 42. f4 Qb1 43. Qxe5+ Kh7 44. g4 Qh1+ 45. Kg3 Qg1+ 46. Kh3
hxg4# 0-1

[Event "XXV Weekend A"]
[Site "Robecchetto con Induno ITA"]
[Date "2014.12.27"]
[Round "2"]
[White "Maffeo, Mauro"]
[Black "Mantovan, Giuseppe"]
[WhiteElo "1644"]
[BlackElo "1804"]
[Result "0-1"]
[PlyCount "63"]
[EventDate "2014.12.26"]

1. d4 d5 2. e3 Nf6 3. Bd3 c6 4. Nd2 Bg4 5. Ne2 Nbd7 6. f4 e6 7. O-O c5 8. c3 c4
9. Bc2 b5 10. Qe1 Bf5 11. Bxf5 exf5 12. Ng3 g6 13. Nf3 h5 14. Ne5 h4 15. Nxf5
gxf5 16. Qe2 Ne4 17. Bd2 Nxe5 18. fxe5 Qg5 19. Rf3 Bh6 20. Raf1 Qg4 21. Qe1 Rg8
22. R1f2 Rg5 23. Rf4 Qh5 24. Re2 Rg4 25. Rf3 O-O-O 26. Qf1 Rg5 27. Be1 Rh8 28.
Rxf5 Qg6 29. g3 hxg3 30. h3 g2 31. Qf3 Qh5 32. Rxg5 0-1

[Event "XXV Weekend A"]
[Site "Robecchetto con Induno ITA"]
[Date "2014.12.27"]
[Round "2"]
[White "Moroni, Luca"]
[Black "Bianchi, Massimiliano"]
[WhiteElo "1868"]
[BlackElo "1693"]
[Result "0-1"]
[PlyCount "166"]
[EventDate "2014.12.26"]

1. Nf3 d5 2. d4 Nf6 3. Bf4 c6 4. c3 e6 5. h3 Nbd7 6. e3 Be7 7. Bd3 h6 8. Nbd2
O-O 9. O-O b6 10. e4 dxe4 11. Nxe4 Bb7 12. Nxf6+ Nxf6 13. Re1 c5 14. dxc5 Bxc5
15. Qe2 Qe7 16. Rad1 Rad8 17. Be5 Bd6 18. Bxd6 Rxd6 19. Nd4 Rdd8 20. Bc4 Bd5
21. Nf5 Qb7 22. Bxd5 Nxd5 23. Ne3 Nf4 24. Qc4 Ng6 25. Qg4 Qc7 26. Qe4 Qf4 27.
Qxf4 Nxf4 28. Rxd8 Rxd8 29. Rd1 Rxd1+ 30. Nxd1 Kf8 31. Kf1 Ke7 32. h4 Kd6 33.
g3 Nd3 34. Ke2 Nc1+ 35. Kd2 Nxa2 36. Kc2 Kc5 37. Kb1 Nb4 38. cxb4+ Kxb4 39. Kc2
Kc4 40. Ne3+ Kd4 41. Kd2 g5 42. hxg5 hxg5 43. Nc2+ Kc4 44. Na3+ Kb3 45. Kc1 g4
46. Nb5 a6 47. Nd6 f6 48. Ne8 f5 49. Nc7 e5 50. Nxa6 Kc4 51. Kc2 f4 52. Nc7 Kd4
53. Kd2 Ke4 54. Ke2 f3+ 55. Kd2 Kd4 56. Ne6+ Kc4 57. Ke3 Kb3 58. Ke4 Kxb2 59.
Kxe5 Kc3 60. Ke4 Kd2 61. Nd4 Ke1 62. Ke3 Kd1 63. Nb5 Kc2 64. Nd6 Kd1 65. Ne4
Kc2 66. Kf4 Kd3 67. Nd6 Ke2 68. Kxg4 Kxf2 69. Ne4+ Ke3 70. Kf5 b5 71. g4 b4 72.
g5 b3 73. Nc3 Kd3 74. Ne4 Kd4 75. Nd2 b2 76. Nxf3+ Kc3 77. Ne5 b1=Q+ 78. Kf6
Qb6+ 79. Kf7 Qc7+ 80. Ke6 Kd4 81. Nf3+ Ke3 82. Ne5 Kf4 83. Nd3+ Kxg5 0-1

[Event "XXV Weekend A"]
[Site "Robecchetto con Induno ITA"]
[Date "2014.12.27"]
[Round "2"]
[White "Ongaro, Andrea"]
[Black "Turchi, Alessandro"]
[WhiteElo "1717"]
[BlackElo "1642"]
[Result "1/2-1/2"]
[PlyCount "22"]
[EventDate "2014.12.26"]

1. c4 g6 2. Nc3 Bg7 3. g3 e5 4. Bg2 Nc6 5. Nf3 Nge7 6. O-O O-O 7. d3 d6 8. Bd2
Bd7 9. Rb1 Rc8 10. a3 a6 11. b4 Qe8 1/2-1/2

[Event "XXV Weekend A"]
[Site "Robecchetto con Induno ITA"]
[Date "2014.12.27"]
[Round "2"]
[White "Palminteri, Vincenzo"]
[Black "Paniga, Danilo"]
[WhiteElo "1776"]
[BlackElo "1858"]
[Result "1/2-1/2"]
[PlyCount "45"]
[EventDate "2014.12.26"]

1. e4 d6 2. d4 Nf6 3. Bd3 e5 4. c3 Be7 5. h3 Nbd7 6. Nf3 c6 7. O-O O-O 8. Be3
Qc7 9. Nbd2 a6 10. Rc1 b5 11. c4 exd4 12. Nxd4 Ne5 13. Be2 b4 14. f4 Ng6 15.
Bf3 Nh4 16. Be2 c5 17. N4f3 Ng6 18. Qe1 Bb7 19. Bd3 Rae8 20. Qg3 Nh5 21. Qg4
Nf6 22. Qg3 Nh5 23. Qg4 1/2-1/2